Countries that were part of Denmark - Statistics

General Stats
  • This quiz has been taken 48 times
  • The average score is 9 of 12
Answer Stats
Country % Correct
Norway
95%
Sweden
95%
Germany
88%
Iceland
86%
Finland
83%
Estonia
76%
Latvia
74%
United States
71%
Lithuania
69%
Russia
69%
Denmark
67%
India
43%
No matching quizzes found
Score Distribution
Percent of People with Each Score
Percentile by Number Answered
Your Score History
You have not taken this quiz